| 000 | 00638nam a2200229 4500 | ||
|---|---|---|---|
| 003 | OSt | ||
| 005 | 20260601193846.0 | ||
| 008 | 260507b2007 |||a|||| |||| 001 0 eng d | ||
| 020 | _a9781944073054 | ||
| 040 |
_aICI _bspa _cICI |
||
| 050 |
_aTS170.5 _bW45 2006 |
||
| 100 | 1 |
_aWalker, Stuart _931461 |
|
| 245 | 1 |
_aSustainable By Design: _bExplorations in Theory and Practice |
|
| 264 |
_bEarthscan _c2006 _aReino Unido |
||
| 300 | _a244 páginas | ||
| 336 |
_atexto _2rdacontent |
||
| 337 |
_asin medio _2rdamedia |
||
| 338 |
_avolumen _2rdacarrier |
||
| 650 | _aDiseño Industrial | ||
| 650 | _aDiseño Sustentable | ||
| 942 |
_2lcc _cB _n1 |
||
| 999 |
_c21647 _d21647 |
||